000
00238 a2200097 4500
001
18993
100
_a
A S M E
245
_a
Interments and Apparatus : Flow Measurement PT-5 chapter 4
260
_a
_b
A S M E
_c
1959
090
_c
14075
_d
14075
942
_a
NUST-CAE
_c
M
_c
4531
999
_c
254066
_d
254066